书目信息 |
| 题名: |
汇率水平及其波动与国际服务贸易绩效研究
|
|
| 作者: | 胡宗彪 著 | |
| 分册: | ||
| 出版信息: | 北京 经济科学出版社 2016 |
|
| 页数: | 214页 | |
| 开本: | 21cm | |
| 丛书名: | 中南财经政法大学经贸系列文库 | |
| 单 册: | ||
| 中图分类: | F832.63 , F746.18 | |
| 科图分类: | ||
| 主题词: | 人民币汇率--ren min bi hui lv--汇率波动--关系--国际贸易--服务贸易--研究 | |
| 电子资源: | ||
| ISBN: | 978-7-5141-7518-9 | |
| 000 | 01115nam0 22002651 450 | |
| 001 | 0119171242 | |
| 005 | 20170619171242.0 | |
| 010 | @a978-7-5141-7518-9@dCNY32.00 | |
| 100 | @a20170306d2016 em y0chiy50 ea | |
| 101 | 0 | @achi |
| 102 | @aCN@b110000 | |
| 105 | @ay z 000yy | |
| 106 | @ar | |
| 200 | 1 | @a汇率水平及其波动与国际服务贸易绩效研究@9hui lv shui ping ji qi bo dong yu guo ji fu wu mao yi ji xiao yan jiu@f胡宗彪著 |
| 210 | @a北京@c经济科学出版社@d2016 | |
| 215 | @a214页@d21cm | |
| 225 | 2 | @a中南财经政法大学经贸系列文库@9zhong nan cai jing zheng fa da xue jing mao xi lie wen ku |
| 330 | @a本书共分为七章,包括绪论;汇率与国际贸易绩效:文献综述;汇率水平及其波动的国际比较;汇率水平及其波动与服务出口绩效;汇率水平及其波动与服务贸易收支;汇率水平及其波动与服务企业绩效;结论及启示。 | |
| 461 | 0 | @12001 @a中南财经政法大学经贸系列文库 |
| 606 | 0 | @a人民币汇率@9ren min bi hui lv@x汇率波动@x关系@x国际贸易@x服务贸易@x研究 |
| 690 | @aF832.63@v5 | |
| 690 | @aF746.18@v5 | |
| 701 | 0 | @a胡宗彪@9hu zong biao@f(1984~)@4著 |
| 801 | 0 | @aCN@b百万庄@c20170616 |
| 905 | @b1011801-6@dF832.63@e157@f6 | |
| 汇率水平及其波动与国际服务贸易绩效研究/胡宗彪著 .-北京:经济科学出版社,2016 |
| 214页;21cm.-(中南财经政法大学经贸系列文库) |
| ISBN 978-7-5141-7518-9:CNY32.00 |
| 本书共分为七章,包括绪论;汇率与国际贸易绩效:文献综述;汇率水平及其波动的国际比较;汇率水平及其波动与服务出口绩效;汇率水平及其波动与服务贸易收支;汇率水平及其波动与服务企业绩效;结论及启示。 |
| ● |
| 相关链接 |
|
|
|
|
正题名:汇率水平及其波动与国际服务贸易绩效研究
索取号:F832.63/157
 
预约/预借
| 序号 | 登录号 | 条形码 | 馆藏地/架位号 | 状态 | 备注 |
| 1 | 1011801 | 210118013 | 第一样本阅览室/ [索取号:F832.63/157] | 在馆 | |
| 2 | 1011802 | 210118022 | 教育系资料室/ [索取号:F832.63/157] | 在馆 | |
| 3 | 1011803 | 210118031 | 教育系资料室/ [索取号:F832.63/157] | 在馆 | |
| 4 | 1011804 | 210118040 | 教育系资料室/ [索取号:F832.63/157] | 在馆 | |
| 5 | 1011805 | 210118059 | 第一借阅区/ [索取号:F832.63/157] | 在馆 | |
| 6 | 1011806 | 210118068 | 第一借阅区/ [索取号:F832.63/157] | 在馆 |